000 00633nam a2200205Ia 4500
005 20260121110210.0
008 008 260114s9999 xx 000 0 hin d
020 _a9788132301684
037 _aEBOOK
040 _aCRL
_bhin
_cCRL
041 _ahin
_2hin
084 _qCRL
100 _aसुमंत कुमार / Sumant Kumar
_9943256
245 0 _aअध्यापक शिक्षा / Adhyapak Shiksha
260 _bभाषा प्रकाशन / Bhasha Prakashan
_c2020
856 _uhttps://bhashaprakashan.com/product-details/377834
942 _cEBOOK
999 _c1534921
_d1534921